[Event "57.SMM Gröden-CSK Merania"]
[Site "?"]
[Date "2026.01.24"]
[Round "6.1"]
[White "De Santis, Alessio"]
[Black "Casadio, Niccolò"]
[Result "0-1"]
[WhiteElo "2134"]
[BlackElo "2240"]
[PlyCount "68"]
[EventDate "2026.01.25"]
[SourceVersionDate "2026.01.25"]

1. Nf3 d5 2. g3 Nc6 3. d4 Bf5 4. Bg2 Nb4 5. Na3 e6 6. c3 Nc6 7. Nc2 Be7 8. b4 Nf6 9. Ne3 Bg6 10. b5 Na5 11. Qa4 c6 12. Ne5 O-O 13. Nxg6 hxg6 14. Rb1 Rc8 15. bxc6 Rxc6 16. c4 Nxc4 17. Rxb7 Qc8 18. Rb1 Bb4+ 19. Rxb4 Nb6 20. Qb3 Rxc1+ 21. Nd1 Qa6 22. O-O Qxe2 23. Nc3 Qc2 24. Qxc2 Rxc2 25. Nb5 a5 26. Rb3 Nc4 27. Ra1 a4 28. Rb4 Rb8 29. Bf1 Ne4 30. Bd3 Rb2 31. Rb1 Rxb1+ 32. Rxb1 Ned2 33. Rb4 Nf3+ 34. Kg2 Ne1+ 0-1

[Event "57.SMM Gröden-CSK Merania"]
[Site "?"]
[Date "2026.01.24"]
[Round "6.2"]
[White "Moroder, Stephan"]
[Black "Bonagura, Stefano"]
[Result "1/2-1/2"]
[WhiteElo "2179"]
[BlackElo "2160"]
[PlyCount "110"]
[EventDate "2026.??.??"]
[SourceVersionDate "2026.01.25"]

{[%evp 0,110,26,26,41,32,41,15,23,2,2,7,8,-15,-4,1,-7,-27,-11,-17,-2,-2,-16,-6,-17,-26,-18,-24,17,-51,-42,-75,-43,-43,-27,-16,-20,-37,-37,-56,-40,-57,-53,-42,-62,-27,-16,-63,24,-7,52,47,18,71,79,78,83,88,101,88,102,104,109,94,102,103,113,88,89,74,74,88,82,81,95,97,94,94,91,84,84,59,55,60,55,66,66,58,58,52,58,58,87,58,58,58,58,45,75,58,58,58,58,31,58,37,101,101,97,97,99,99,99]} 1. Nf3 e6 2. e4 d5 3. e5 c5 4. c3 Nc6 5. d4 Bd7 6. Be2 Nge7 7. Na3 cxd4 8. cxd4 Nf5 9. Nc2 Rc8 10. O-O Qb6 11. g4 Nfe7 12. Bd3 h5 13. h3 Na5 14. b4 Nc4 15. a4 Nc6 16. b5 Nb4 17. Nxb4 Bxb4 18. Rb1 Be7 19. Kg2 a6 20. Bd2 axb5 21. axb5 Ra8 22. Bb4 Bxb4 23. Rxb4 Ra2 24. Bxc4 dxc4 25. Qb1 Ra5 26. Rc1 hxg4 27. hxg4 Rxb5 28. Rcxc4 Rh6 29. Rxb5 Qxb5 30. Rc8+ Ke7 31. Qxb5 Bxb5 32. Rc7+ Ke8 33. Rxb7 Bc6 34. Rc7 Bd5 35. Kg3 Rh1 36. Ng5 Rg1+ 37. Kf4 Rf1 38. Ke3 Re1+ 39. Kd2 Rg1 40. Rxf7 Rxg4 41. Rxg7 Rxd4+ 42. Ke3 Ra4 43. f4 Ra3+ 44. Kf2 Rb3 45. Ra7 Rc3 46. Ke2 Rc4 47. Ke3 Rc3+ 48. Kf2 Rb3 49. Rc7 Rb2+ 50. Ke3 Rb3+ 51. Kd4 Rb4+ 52. Kc5 Rc4+ 53. Kd6 Rxc7 54. Kxc7 Ke7 55. Kb6 Ba2 1/2-1/2

[Event "57.SMM Gröden-CSK Merania"]
[Site "?"]
[Date "2026.01.24"]
[Round "6.3"]
[White "Zuev, Mikhail"]
[Black "Luciani, Valerio"]
[Result "1/2-1/2"]
[WhiteElo "1917"]
[BlackElo "2170"]
[PlyCount "120"]
[EventDate "2026.??.??"]
[SourceVersionDate "2026.01.25"]

{[%evp 0,92,18,29,19,-10,34,31,29,29,43,10,7,5,29,25,24,38,50,50,7,30,12,13,13,18,7,-23,8,-14,-8,-18,-23,-27,-1,-30,-13,-12,-45,-94,-17,-60,-81,-84,-86,-92,-80,-92,-73,-134,-35,-65,-92,-76,-76,-76,-95,-102,-102,-113,-119,-134,-131,-176,-171,-153,-165,-150,-143,-171,-139,-148,-97,-161,-152,-183,-167,-185,-213,-208,-188,-176,-192,-214,-209,-234,-255,-245,-237,-257,-299,-299,-300,-309,-291]} 1. d4 d5 2. c4 c6 3. cxd5 cxd5 4. Nc3 Nf6 5. Nf3 Nc6 6. Bf4 a6 7. e3 e6 8. Bd3 Be7 9. O-O Nh5 10. Bg3 Nxg3 11. hxg3 O-O 12. e4 g6 13. a3 b5 14. b4 Bf6 15. e5 Bg7 16. Rc1 Bd7 17. Qb3 Qb6 18. Ne2 Rfb8 19. Rc2 a5 20. Rb1 axb4 21. axb4 Bf8 22. Qc3 Ra4 23. Rcb2 Be7 24. Bc2 Ra7 25. Nf4 Rc8 26. Qd2 Ra3 27. Bd1 Rca8 28. Be2 Ra1 29. Kh2 Rxb1 30. Rxb1 Ra4 31. Nd3 Nxd4 32. Qb2 Nc6 33. Bd1 Ra8 34. Qc3 Qa7 35. Qd2 Kg7 36. Qf4 Be8 37. g4 h6 38. g5 hxg5 39. Nxg5 Qd4 40. Qxd4 Nxd4 41. Nf3 Nc6 42. Bc2 Ra3 43. Rb2 g5 44. Bb1 f6 45. exf6+ Kxf6 46. Nfe1 e5 47. f3 Nd4 48. Kg1 Bc6 49. Ba2 e4 50. fxe4 dxe4 51. Rf2+ Nf5 52. g4 exd3 53. Rxf5+ Kg6 54. Bb1 Ra1 55. Bxd3 Rxe1+ 56. Rf1+ Kg7 57. Rxe1 Bxb4 58. Re5 Bd2 59. Bxb5 Bf4 60. Rf5 Be4 1/2-1/2

[Event "57.SMM Gröden-CSK Merania"]
[Site "?"]
[Date "2026.01.24"]
[Round "6.4"]
[White "Demetz, Rainer"]
[Black "Wieser, Christoph"]
[Result "1/2-1/2"]
[WhiteElo "2213"]
[BlackElo "1882"]
[PlyCount "81"]
[EventDate "2026.??.??"]
[SourceVersionDate "2026.01.25"]

{[%evp 0,81,19,18,15,-20,18,15,11,7,13,15,9,-3,7,13,33,30,32,38,16,-24,-22,-10,68,11,7,-11,31,38,60,53,101,86,137,53,62,22,24,26,49,42,39,-28,18,34,34,38,34,34,27,33,50,60,60,60,60,37,41,32,28,26,25,25,59,51,51,55,55,55,55,50,42,40,34,33,33,33,33,33,33,33,33,33]} 1. d4 Nf6 2. c4 e5 3. dxe5 Ng4 4. Nf3 Bc5 5. e3 Nc6 6. Be2 O-O 7. O-O Re8 8. Nc3 Ncxe5 9. Nxe5 Nxe5 10. Nd5 a5 11. b3 Ra6 12. e4 Rd6 13. Qc2 c6 14. Be3 Bxe3 15. Nxe3 c5 16. Nf5 Rde6 17. f4 Nc6 18. e5 g6 19. Nh6+ Kg7 20. Ng4 Nd4 21. Qb2 h5 22. Nf6 Rxf6 23. exf6+ Qxf6 24. Rae1 d5 25. Qd2 Nxe2+ 26. Rxe2 Rxe2 27. Qxe2 d4 28. Qe4 b6 29. Re1 Bf5 30. Qe5 Qxe5 31. Rxe5 Be6 32. Kf2 Kf6 33. Ke2 Ke7 34. Kd2 Kd6 35. Re1 Kc6 36. a4 Kd7 37. Re5 Kd6 38. Re1 Kd7 39. Rg1 Ke7 40. Re1 Kd7 41. Re5 1/2-1/2

[Event "57.SMM Gröden-CSK Merania"]
[Site "?"]
[Date "2026.01.24"]
[Round "6.5"]
[White "Wieser, Josef"]
[Black "Moroder, Thomas"]
[Result "1-0"]
[WhiteElo "1882"]
[BlackElo "2045"]
[PlyCount "51"]
[EventDate "2026.??.??"]

1. e4 c5 2. Nc3 Nc6 3. Bc4 e6 4. d3 Nge7 5. Nf3 a6 6. a4 g6 7. Bg5 Bg7 8. O-O h6 9. Bh4 O-O 10. Nd2 d6 11. f4 Qc7 12. g4 f5 13. gxf5 gxf5 14. Qh5 Nd4 15. Kh1 Rf7 16. Rg1 Nxc2 17. Rac1 Ne3 18. Qxh6 Ng4 19. Qh5 Nf6 20. Bxf6 Rxf6 21. Qe8+ Kh7 22. Nf3 Bh6 23. Ng5+ Bxg5 24. Rxg5 d5 25. Qh5+ Rh6 26. Qf7+ 1-0

[Event "57.SMM Gröden-CSK Merania"]
[Site "?"]
[Date "2026.01.24"]
[Round "6.6"]
[White "Bernardi, Ruben"]
[Black "Battiston, Claudio"]
[Result "1-0"]
[WhiteElo "2028"]
[BlackElo "1878"]
[PlyCount "93"]
[EventDate "2026.??.??"]
[SourceVersionDate "2026.01.25"]

{[%evp 0,93,29,-12,0,-11,23,-35,-32,-29,19,-7,3,-36,-3,-7,-10,-22,-15,-18,8,4,22,11,18,19,49,52,55,45,24,33,33,40,35,19,20,10,42,39,61,19,51,49,96,107,120,108,106,112,148,145,152,145,175,179,159,151,158,151,154,154,214,177,200,157,152,134,155,129,134,136,110,107,154,182,187,186,183,198,216,198,201,174,272,290,290,304,304,356,360,377,427,438,446,447]} 1. b3 e5 2. Bb2 d6 3. g3 Nf6 4. Bg2 g6 5. c4 Bg7 6. e3 O-O 7. Ne2 Nc6 8. Nbc3 Bf5 9. e4 Be6 10. O-O Qd7 11. d4 exd4 12. Nb5 a6 13. Nbxd4 Nxd4 14. Qxd4 Nh5 15. Qd2 Bxb2 16. Qxb2 Bh3 17. Qd4 Bxg2 18. Kxg2 Qe6 19. f3 f5 20. Nc3 fxe4 21. Nxe4 Qe5 22. Qxe5 dxe5 23. Rad1 Rf7 24. Rfe1 Kg7 25. Nc5 b6 26. Ne6+ Kf6 27. Nd8 Re7 28. Rd5 Ng7 29. Nc6 Re6 30. Nxe5 Rae8 31. f4 h5 32. Rd7 R6e7 33. Red1 Nf5 34. Kf3 g5 35. Rxe7 Rxe7 36. Rd8 g4+ 37. Ke4 Nd6+ 38. Kd5 Ne8 39. Kc6 Re6+ 40. Kd7 Re7+ 41. Kc8 Kf5 42. Nc6 Re1 43. Rd5+ Kg6 44. Re5 Rxe5 45. fxe5 Kf7 46. Kd7 Ng7 47. Nd8+ 1-0

[Event "57.SMM J.Richter/Lask BZ-SK Steinegg"]
[Site "?"]
[Date "2026.01.24"]
[Round "5.2"]
[White "Unterweger, Jonas"]
[Black "Pichler, Martin"]
[Result "1/2-1/2"]
[WhiteElo "2037"]
[BlackElo "1962"]
[PlyCount "99"]
[EventDate "2026.??.??"]

{[%evp 0,99,29,23,86,78,73,35,87,63,65,46,45,42,42,14,42,41,73,51,80,82,76,60,60,-63,82,62,21,40,105,10,29,28,44,-141,-211,-128,-196,-254,-45,-28,-14,-160,-83,-159,-159,-159,-159,-159,-159,-170,-134,-175,-175,-175,-106,-91,19,41,39,26,12,12,25,0,33,32,54,116,123,9,7,12,17,10,15,12,7,0,0,2,14,6,0,0,0,0,0,0,0,0,0,2,2,0,0,0,0,0,0,0]} 1. Nf3 g6 2. e4 Bg7 3. d4 d6 4. h3 Nf6 5. Bd3 O-O 6. O-O Nc6 7. Re1 e5 8. c3 Nd7 9. Be3 f5 10. exf5 gxf5 11. Bc4+ Kh8 12. Ng5 Qe8 13. Ne6 Nb6 14. Nxc7 Qg6 15. Be2 f4 16. Bh5 Qg5 17. h4 Qxh4 18. Bc1 Rf6 19. Bf3 Bf5 20. Nxa8 Nxa8 21. b3 Nc7 22. Bb2 Rh6 23. Kf1 d5 24. dxe5 Nxe5 25. Rxe5 Bxe5 26. Na3 Qf6 27. Kg1 Rg6 28. Nc2 Bxc3 29. Bxc3 Qxc3 30. Qd4+ Qxd4 31. Nxd4 Bd7 32. Rc1 Bc6 33. a4 Kg8 34. b4 a6 35. b5 axb5 36. axb5 Nxb5 37. Nxb5 Bxb5 38. Bxd5+ Kg7 39. Rc7+ Kh6 40. Rxb7 Bc6 41. Bxc6 Rxc6 42. Kh2 Rc2 43. f3 Kg6 44. Kh3 h6 45. Rb6+ Kg5 46. Rb5+ Kg6 47. Kg4 Rxg2+ 48. Kxf4 h5 49. Rb6+ Kg7 50. Rb7+ 1/2-1/2

[Event "57.SMM J.Richter/Lask BZ-SK Steinegg"]
[Site "?"]
[Date "2026.01.24"]
[Round "5.3"]
[White "Lantschner, Carmen"]
[Black "Bevilacqua, Maurizio"]
[Result "0-1"]
[WhiteElo "1833"]
[BlackElo "2065"]
[PlyCount "104"]
[EventDate "2026.??.??"]

{[%evp 0,104,29,32,45,42,71,71,50,24,63,35,14,1,57,37,25,41,57,7,16,25,24,31,42,6,8,10,13,7,51,22,49,8,68,5,48,-9,30,28,44,27,25,13,4,-6,5,0,0,3,5,5,8,5,0,-6,40,63,38,21,14,9,73,50,0,0,131,38,34,30,30,0,0,-4,-28,-30,-30,-30,-31,-90,-86,-228,-228,-211,-85,-66,-86,-124,-47,-64,-11,-54,-14,-24,54,-203,-196,-184,-151,-223,-242,-290,-283,-373,-290,-29997,-29998]} 1. e4 c5 2. Nf3 e6 3. d4 cxd4 4. Nxd4 a6 5. Be3 Nf6 6. Bd3 Qc7 7. c4 Bb4+ 8. Nd2 Nc6 9. Nxc6 dxc6 10. O-O e5 11. a3 Be7 12. Nf3 Bg4 13. h3 Bh5 14. Qe2 Nd7 15. b4 O-O 16. Bd2 Rfe8 17. Qe3 h6 18. Be2 Rad8 19. Bc3 Bg6 20. Rac1 Bf6 21. c5 Nf8 22. Rcd1 Ne6 23. Rxd8 Rxd8 24. Rd1 Rxd1+ 25. Bxd1 Qd8 26. Bc2 Nd4 27. Bb1 Bg5 28. Nxg5 hxg5 29. Bxd4 exd4 30. Qg3 a5 31. Bd3 axb4 32. axb4 b6 33. Qe5 b5 34. f3 Kf8 35. Kf2 f6 36. Qe6 Qc7 37. Qa2 Qf4 38. Qe2 Bf7 39. g3 Qc1 40. Qc2 Qe3+ 41. Kg2 Be6 42. Qe2 Qc1 43. Qc2 Qa3 44. Qd2 Ke7 45. h4 gxh4 46. gxh4 Qb3 47. Bxb5 cxb5 48. Qxd4 Kf7 49. Kg3 Qc4 50. Qd2 Qf1 51. c6 Qg1+ 52. Kf4 g5+ 0-1

[Event "57.SMM J.Richter/Lask BZ-SK Steinegg"]
[Site "?"]
[Date "2026.01.24"]
[Round "5.4"]
[White "Billio, Atto"]
[Black "Psenner, Matthias"]
[Result "1-0"]
[WhiteElo "2029"]
[BlackElo "1732"]
[PlyCount "57"]
[EventDate "2026.??.??"]

{[%evp 0,57,19,-26,-26,-26,1,9,-11,-13,4,11,14,3,12,4,21,10,8,23,64,31,25,5,-2,6,-3,-3,19,15,15,15,39,33,60,44,88,63,94,92,83,101,175,195,168,187,185,189,195,197,204,247,508,709,680,692,1751,1959,1625,2451]} 1. f4 d5 2. Nf3 c5 3. e3 Nf6 4. b3 Bg4 5. Bb2 e6 6. h3 Bxf3 7. Qxf3 Be7 8. g4 Ne4 9. g5 f6 10. h4 Nc6 11. Bb5 Nd6 12. Bxc6+ bxc6 13. Nc3 Qc8 14. Na4 c4 15. gxf6 Bxf6 16. Bxf6 gxf6 17. Rg1 Qd7 18. Nc5 Qf7 19. bxc4 Nxc4 20. f5 e5 21. Ne6 Rg8 22. Rxg8+ Qxg8 23. Nc7+ Ke7 24. Nxa8 Qxa8 25. Qg4 Qb8 26. Qg7+ Kd6 27. Qxf6+ Kc5 28. d4+ exd4 29. exd4+ 1-0

[Event "57.SMM J.Richter/Lask BZ-SK Steinegg"]
[Site "?"]
[Date "2026.01.24"]
[Round "5.5"]
[White "Schroffenegger, Franz"]
[Black "Kowalczyk, Martin"]
[Result "0-1"]
[WhiteElo "1509"]
[BlackElo "1857"]
[PlyCount "116"]
[EventDate "2026.??.??"]

{[%evp 0,116,19,32,75,72,74,61,80,84,84,79,55,31,73,48,54,5,-5,-16,-24,-42,-40,-61,-61,-58,-31,-38,-42,-47,-52,-42,-59,-126,-107,-142,-144,-154,-160,-154,-150,-180,-187,-246,-251,-248,-244,-254,-249,-264,-256,-262,-258,-263,-240,-243,-245,-257,-257,-350,-363,-391,-390,-398,-397,-390,-398,-398,-407,-443,-452,-468,-478,-482,-483,-492,-465,-468,-473,-485,-492,-507,-487,-505,-507,-524,-528,-524,-578,-599,-673,-738,-757,-1109,-706,-851,-666,-782,-1262,-1288,-845,-1338,-758,-1362,-1299,-1380,-781,-1396,-1450,-1497,-1824,-2581,-2135,-2620,-1555,-2630,-29976,-29977,-29978]} 1. e4 d6 2. Nf3 Nf6 3. Nc3 g6 4. d4 Bg7 5. Bc4 O-O 6. O-O c6 7. Bf4 b5 8. Bb3 b4 9. Ne2 Nxe4 10. c3 bxc3 11. bxc3 Ba6 12. Re1 e6 13. Qc2 d5 14. Ng3 Nxg3 15. Bxg3 Nd7 16. Ne5 Rc8 17. Ba4 Nxe5 18. Bxe5 c5 19. Bxg7 Kxg7 20. dxc5 Rxc5 21. Re5 Qc7 22. Rae1 Rxc3 23. Qb2 Kg8 24. Bb3 Rc8 25. g3 Rc1 26. Qd2 Rxe1+ 27. Rxe1 Qc3 28. Qxc3 Rxc3 29. Re3 Rc1+ 30. Kg2 d4 31. Re5 d3 32. Ra5 Bb7+ 33. f3 d2 34. Rxa7 Bd5 35. Rd7 d1=Q 36. Bxd1 Rxd1 37. Kh3 Bxf3 38. Rxd1 Bxd1 39. a3 g5 40. Kg2 Kf8 41. Kf2 Ke7 42. Ke3 Kd6 43. Kd4 e5+ 44. Ke4 Bc2+ 45. Kf3 f5 46. Kf2 Kd5 47. Ke3 Kc4 48. Kd2 Ba4 49. Ke3 Bc6 50. h3 Kb3 51. Kd3 Kxa3 52. Kc3 Bd5 53. Kd3 Kb4 54. Ke3 Kc3 55. Ke2 Kd4 56. Kd2 Bg2 57. h4 gxh4 58. gxh4 f4 0-1

[Event "57.SMM J.Richter/Lask BZ-SK Steinegg"]
[Site "?"]
[Date "2026.01.24"]
[Round "5.6"]
[White "Di Lazzaro, Gabriele"]
[Black "Schgaguler, Günther"]
[Result "1-0"]
[WhiteElo "1866"]
[BlackElo "1694"]
[PlyCount "61"]
[EventDate "2026.??.??"]

{[%evp 0,61,19,19,28,14,14,12,50,48,92,74,68,51,47,46,168,168,229,246,275,256,273,180,168,164,164,147,150,156,154,157,151,151,166,163,168,177,163,169,274,179,332,311,375,369,372,366,377,427,423,460,434,496,503,572,774,817,943,966,1228,612,1273,1294]} 1. d4 e6 2. Nf3 d5 3. e3 f5 4. c4 c6 5. Nc3 Nf6 6. c5 Be7 7. b4 b5 8. a4 a6 9. axb5 cxb5 10. Bxb5+ Bd7 11. Ne5 Bxb5 12. Nxb5 O-O 13. Bd2 Qc8 14. Nc3 Nc6 15. Nxc6 Qxc6 16. Qa4 Qc8 17. O-O Ne4 18. Nxe4 fxe4 19. Ra2 Bf6 20. Bc3 Rf7 21. b5 Rfa7 22. b6 Rb7 23. Rb1 Qd8 24. Qc6 Qe7 25. Rba1 Qf7 26. Rxa6 Rf8 27. Ra8 Bd8 28. Be1 Re7 29. R1a7 Rxa7 30. Rxa7 Qf6 31. b7 1-0

[Event "57.SMM Kaltern/Tramin-Deutschnofen/Alp"]
[Site "?"]
[Date "2026.01.24"]
[Round "6.1"]
[White "Zamengo, Fulvio"]
[Black "Bertagnolli, Alexander"]
[Result "1/2-1/2"]
[WhiteElo "2366"]
[BlackElo "2335"]
[PlyCount "78"]
[EventDate "2026.01.25"]

{[%evp 0,78,19,32,42,66,50,50,50,29,51,-2,-2,0,11,1,-6,29,83,66,47,-10,-2,0,15,-4,15,15,23,-28,-28,-28,-5,-9,-2,-19,19,30,47,4,49,19,20,12,4,3,48,25,25,14,49,74,74,78,78,77,82,95,86,88,83,79,86,79,83,79,79,34,66,69,63,61,47,16,13,0,0,0,0,0,0]} 1. e4 c5 2. Nf3 e6 3. d4 cxd4 4. Nxd4 Qb6 5. Na3 Bxa3 6. bxa3 Nf6 7. Qd3 O-O 8. Be2 e5 9. Nf5 d6 10. Qxd6 Bxf5 11. Qxb6 axb6 12. exf5 Rc8 13. c4 Nc6 14. Bb2 Nd4 15. Rc1 Nxf5 16. O-O Nd4 17. Rfe1 Nxe2+ 18. Rxe2 Nd7 19. Rd1 Rc7 20. f4 Nf8 21. Rxe5 Rxc4 22. Rb5 Rc2 23. Rxb6 Re8 24. Be5 f6 25. Rb2 Rxb2 26. Bxb2 Re2 27. Bc3 Ne6 28. f5 Nf4 29. Rd8+ Kf7 30. Rd7+ Kg8 31. Rd8+ Kf7 32. Rd7+ Kg8 33. Kf1 Rxa2 34. Bd2 g5 35. Bxf4 gxf4 36. Rd3 Kg7 37. Rf3 Ra1+ 38. Kf2 Ra2+ 39. Kf1 Ra1+ 1/2-1/2

[Event "57.SMM Kaltern/Tramin-Deutschnofen/Alp"]
[Site "?"]
[Date "2026.01.24"]
[Round "6.2"]
[White "Zucchelli, Massimo"]
[Black "Dappiano, Andrea"]
[Result "0-1"]
[WhiteElo "2071"]
[BlackElo "2292"]
[PlyCount "80"]
[EventDate "2026.01.25"]

{[%evp 0,80,19,19,19,-16,3,-18,1,28,31,8,35,21,47,22,48,43,56,52,58,53,83,33,17,63,53,38,53,53,40,48,76,20,14,42,12,-2,18,2,2,-49,13,3,40,23,38,-5,19,0,30,-60,-7,-75,-19,0,26,-11,28,16,21,17,51,-38,-40,-118,-59,-49,-64,-81,-17,-65,-63,-73,-80,-392,-459,-459,-471,-515,-515,-521,-525]} 1. d4 Nf6 2. c4 e6 3. Nc3 Bb4 4. e3 O-O 5. Nge2 Re8 6. a3 Bf8 7. Ng3 d6 8. Be2 Nbd7 9. O-O e5 10. b3 c6 11. Bb2 exd4 12. Qxd4 Qb6 13. Qd1 a5 14. Na4 Qc7 15. Rc1 Ne5 16. c5 dxc5 17. Nxc5 Bg4 18. f3 Rad8 19. Qc2 Bc8 20. e4 Nfd7 21. Nxd7 Rxd7 22. Rfd1 Ng6 23. Bc4 Red8 24. Rxd7 Rxd7 25. Rd1 Bd6 26. Nf1 Be5 27. Rxd7 Qxd7 28. g3 Bd4+ 29. Bxd4 Qxd4+ 30. Kg2 Ne5 31. Nd2 h5 32. h4 Qe3 33. Qd1 Qd4 34. Qc2 b5 35. Bf1 Be6 36. Be2 Qe3 37. Bf1 Bxb3 38. Nxb3 Qxf3+ 39. Kg1 Qxg3+ 40. Kh1 Ng4 0-1

[Event "57.SMM Kaltern/Tramin-Deutschnofen/Alp"]
[Site "?"]
[Date "2026.01.24"]
[Round "6.3"]
[White "Lain, Luigi"]
[Black "Panjkovic, Aleksandar"]
[Result "1-0"]
[WhiteElo "2270"]
[BlackElo "2057"]
[PlyCount "113"]
[EventDate "2026.01.25"]

{[%evp 0,113,19,19,52,40,38,44,48,44,44,42,42,52,55,42,74,66,70,78,83,71,60,64,74,62,78,63,84,78,65,93,89,41,82,-11,115,34,56,126,126,80,80,80,187,187,199,126,186,195,195,200,215,148,143,164,239,243,243,243,301,237,306,279,293,293,294,327,373,189,393,486,418,419,533,501,533,426,441,445,440,428,416,490,519,370,429,445,512,361,358,364,361,363,363,363,363,363,363,360,360,360,360,360,360,361,360,360,360,360,360,463,530,564,655,815]} 1. d4 c5 2. d5 Nf6 3. c4 e5 4. Nc3 d6 5. e4 Be7 6. f3 Nbd7 7. Be3 h5 8. h4 Nf8 9. Qd2 Ng6 10. g3 a6 11. Nh3 Bd7 12. Nf2 Rb8 13. Rb1 b5 14. cxb5 axb5 15. b4 c4 16. Be2 Qc8 17. Kf1 Kf8 18. Kg2 Kg8 19. a4 bxa4 20. b5 Bd8 21. b6 Ne8 22. Rb4 f5 23. exf5 Ne7 24. g4 hxg4 25. fxg4 Qb7 26. Nfe4 Nc8 27. h5 Nf6 28. Rhb1 a3 29. Nxf6+ gxf6 30. Bxc4 Be8 31. Ne4 Bxh5 32. gxh5 Rxh5 33. Ng3 Rh4 34. Qd3 a2 35. Bxa2 Rxb4 36. Rxb4 Nxb6 37. Qb5 Qd7 38. Qxd7 Nxd7 39. Rxb8 Nxb8 40. Ne4 Be7 41. Bb6 Na6 42. Bc4 Nb4 43. Kf2 Nc2 44. Ke2 Kf7 45. Kd2 Nd4 46. Bxd4 exd4 47. Bb5 Bf8 48. Kd3 Ke7 49. Kxd4 Bh6 50. Kc4 Be3 51. Ba4 Bf4 52. Kb5 Be5 53. Kc6 Bf4 54. Kc7 Be5 55. Nd2 Bf4 56. Nc4 Bg3 57. Nb6 1-0

[Event "57.SMM Kaltern/Tramin-Deutschnofen/Alp"]
[Site "?"]
[Date "2026.01.24"]
[Round "6.4"]
[White "Maier, Fridolin"]
[Black "Micheli, Carlo"]
[Result "1/2-1/2"]
[WhiteElo "1905"]
[BlackElo "2128"]
[PlyCount "30"]
[EventDate "2026.??.??"]

{[%evp 0,30,16,16,76,-17,-4,5,21,27,33,10,10,23,9,9,-2,18,26,21,31,25,32,16,54,12,18,25,77,67,77,100,62]} 1. e4 g6 2. f4 d5 3. e5 c5 4. Nc3 Nc6 5. Bb5 a6 6. Bxc6+ bxc6 7. d3 Nh6 8. Nf3 Nf5 9. O-O h5 10. Na4 e6 11. Qe1 a5 12. c4 Nd4 13. Qf2 Qc7 14. b3 Qa7 15. Ba3 Nxf3+ 1/2-1/2

[Event "57.SMM Kaltern/Tramin-Deutschnofen/Alp"]
[Site "Altes Dokorhaus Tramin"]
[Date "2026.01.24"]
[Round "6.5"]
[White "Thurner, Markus"]
[Black "Dibiasi, Rainer"]
[Result "1-0"]
[WhiteElo "1958"]
[BlackElo "1875"]
[PlyCount "111"]
[EventDate "2026.??.??"]

{[%evp 0,55,19,31,41,46,51,28,5,1,-9,-12,-5,14,5,10,28,28,30,28,28,24,21,11,15,23,33,-7,27,24,16,5,68,23,20,25,51,53,57,-13,18,-40,-34,5,49,1,7,-37,-26,26,26,-8,-8,-24,-14,-14,-37,-94]} 1. e4 e6 2. d4 d5 3. Nd2 Nf6 4. e5 Nfd7 5. c3 c5 6. Bd3 Nc6 7. Ne2 b6 8. Nf3 Bb7 9. O-O Be7 10. Re1 h6 11. a3 c4 12. Bc2 Qc7 13. Nd2 g5 14. Ng3 O-O-O 15. b3 Na5 16. bxc4 Nxc4 17. Nxc4 dxc4 18. Qe2 b5 19. a4 b4 20. cxb4 Bxb4 21. Rd1 Nb6 22. Ba3 a5 23. Be4 Nd5 24. Rdc1 c3 25. Qb5 Qc6 26. Ne2 Qxb5 27. axb5 Kb8 28. Bxd5 Rxd5 29. Bxb4 axb4 30. Rab1 Rxb5 31. Nxc3 Rb6 32. Na4 Rb5 33. Nc3 Rb6 34. Na4 Rb5 35. Rc5 Rxc5 36. Nxc5 Kc7 37. Rxb4 Ba8 38. f3 Rf8 39. Kf2 Bd5 40. Na6+ Kc6 41. Rb8 Rxb8 42. Nxb8+ Kc7 43. Na6+ Kb6 44. Nc5 Kb5 45. Ke3 Kc4 46. Nd7 Kc3 47. Nf6 Bc6 48. Ng8 h5 49. Nf6 h4 50. Nh7 g4 51. fxg4 Bxg2 52. Ng5 Bf1 53. Nxf7 Bh3 54. g5 Bf5 55. Nd8 Kc4 56. Nc6 1-0

[Event "57.SMM Kaltern/Tramin-Deutschnofen/Alp"]
[Site "?"]
[Date "2026.01.24"]
[Round "6.6"]
[White "Thaler, Elmar"]
[Black "Welsch, Ulrich"]
[Result "1/2-1/2"]
[WhiteElo "1869"]
[BlackElo "1859"]
[PlyCount "82"]
[EventDate "2026.01.24"]
[SourceVersion "1"]
[SourceVersionDate "2018.12.21"]
[SourceQuality "1"]

{[%evp 0,82,19,19,28,3,-7,-10,22,-24,3,-3,18,19,24,42,35,38,60,34,39,23,24,-9,-7,-12,2,-9,14,8,20,-1,-5,-24,-24,-24,-12,-21,-18,-18,-11,-23,-5,-13,3,-3,19,-32,15,-31,52,-42,-5,-48,-76,-68,-67,-84,-87,-97,-81,-77,-71,-105,-67,-95,-85,-97,-88,-87,-18,-16,0,0,0,0,0,0,0,-39,0,-20,-1,-38,14]} 1. d4 e6 2. c4 Nf6 3. Nc3 Bb4 4. a3 Bxc3+ 5. bxc3 c5 6. Nf3 Qa5 7. Bd2 d6 8. e3 Qc7 9. Be2 Nc6 10. O-O b6 11. Bc1 O-O 12. Bb2 Re8 13. Nd2 e5 14. d5 Ne7 15. e4 Ng6 16. Re1 Nf4 17. Bf1 h6 18. Nf3 g5 19. Kh1 Qe7 20. Qc2 Bg4 21. Ng1 Bh5 22. g3 Ng6 23. Be2 Rf8 24. Bc1 Kg7 25. Kg2 Qd7 26. Qd1 Bxe2 27. Qxe2 Nh7 28. Rf1 f5 29. f3 Nf6 30. Bd2 f4 31. Qd3 h5 32. Ne2 Rg8 33. Rf2 Kf7 34. Kh1 fxg3 35. Nxg3 Nf4 36. Bxf4 gxf4 37. Nf5 Rg6 38. Raa2 Rag8 39. Ra1 Nh7 40. Qe2 Qd8 41. h4 Qf6 1/2-1/2

[Event "57.SMM Brixen/Milland-ASD Arci BZ 2"]
[Site "?"]
[Date "2026.01.24"]
[Round "6.1"]
[White "Bodrov, Timofey"]
[Black "Brenninger, Daniel"]
[Result "1-0"]
[WhiteElo "2110"]
[BlackElo "2092"]
[PlyCount "49"]
[EventDate "2026.??.??"]
[SourceVersionDate "2026.01.25"]

{[%evp 0,49,19,32,42,43,85,41,88,61,57,56,49,31,58,51,43,39,37,28,32,43,72,65,57,43,59,95,93,125,216,208,150,239,244,281,241,569,665,605,609,637,773,766,779,749,773,795,798,799,799,799]} 1. e4 c5 2. Nf3 Nf6 3. Nc3 d6 4. d4 cxd4 5. Nxd4 Nc6 6. Bg5 Qa5 7. Bxf6 gxf6 8. Nb3 Qd8 9. Qh5 a6 10. O-O-O e6 11. f4 Qc7 12. f5 Ke7 13. Be2 b5 14. Rhf1 b4 15. fxe6 fxe6 16. Rxf6 Ne5 17. Rdf1 bxc3 18. Qg5 cxb2+ 19. Kxb2 Kd7 20. Rf7+ Kc6 21. Nd4+ Kb6 22. Rxc7 Kxc7 23. Rxf8 Rxf8 24. Qe7+ Bd7 25. Nxe6+ 1-0

[Event "57.SMM Brixen/Milland-ASD Arci BZ 2"]
[Site "?"]
[Date "2026.01.24"]
[Round "6.2"]
[White "Sader, Michael"]
[Black "Terletskyi, Oleh Mycola"]
[Result "1-0"]
[WhiteElo "2039"]
[BlackElo "1913"]
[PlyCount "87"]
[EventDate "2026.??.??"]
[SourceVersionDate "2026.01.25"]

{[%evp 0,87,19,19,19,-7,41,46,37,8,28,-7,29,1,8,7,30,44,38,-2,6,-13,25,20,7,9,9,9,11,17,17,20,20,20,29,22,32,27,25,25,42,28,42,28,45,57,50,64,81,87,92,84,103,157,159,147,172,136,136,142,318,116,174,214,511,607,1417,360,473,523,545,509,554,659,710,603,655,600,1540,1540,1540,526,544,549,578,582,585,561,594,682]} 1. Nf3 Nf6 2. c4 g6 3. Nc3 Bg7 4. g3 O-O 5. Bg2 d6 6. O-O Nc6 7. d4 a6 8. d5 Na5 9. Nd2 c5 10. Rb1 Qc7 11. b3 Bd7 12. Bb2 b5 13. Qc2 Rfb8 14. Nce4 Nxe4 15. Bxe4 Bxb2 16. Rxb2 bxc4 17. bxc4 Rxb2 18. Qxb2 Rb8 19. Qc3 Ba4 20. h4 Rb4 21. a3 Rb7 22. h5 Nb3 23. Nf3 Nd4 24. Nxd4 cxd4 25. Qxd4 Rb3 26. c5 Rxa3 27. c6 Bb5 28. Rb1 Ra4 29. Qe3 e6 30. h6 e5 31. Bd3 Ra5 32. Qg5 f5 33. Qf6 e4 34. Bxb5 axb5 35. Kg2 e3 36. Qe6+ Kf8 37. Qxe3 Qe7 38. Qd4 Qe5 39. Qxe5 dxe5 40. d6 Ke8 41. Rc1 Ra8 42. Rc5 Kd8 43. Rxb5 Rc8 44. Rb6 1-0